000 00375nam a2200157Ia 4500
003 0STCL
008 150530s9999 xx 000 0 und d
040 _aSTCL
_cSTCL
100 _aShakespeare; Herford, C.H.; Ed
245 _aWorks of Shakespeare Vol-II
260 _bMacmillan
_c1924
546 _aEnglish
942 _2ddc
_cBK
999 _c54826
_d54826
005 20220125170942.0